| 000 | 00000nas 2200000za 4500 |
| 001 | 9.852297 |
| 003 | CaOODSP |
| 005 | 20221107154543 |
| 007 | cr ||||||||||| |
| 008 | 180223d19311946oncar p oss f0###a0eng|d |
| 040 | |aCaOODSP|beng |
| 043 | |an-cn--- |
| 086 | 1 |aCS34-215E-PDF |
| 245 | 00|aReport on the hosiery, knitted goods and fabric glove & mitten industries in Canada |h[electronic resource]. |
| 246 | 13|aReport on the hosiery, knitted goods and fabric glove and mitten industries in Canada |
| 246 | 16|aHosiery, knitted goods, fabric glove and mitten industries in Canada |
| 260 | |aOttawa : |bDominion Bureau of Statistics, |c1933-1948. |
| 310 | |aAnnual |
| 362 | 0 |a1931-1946. |
| 500 | |aDigitized edition from print [produced by Statistics Canada]. |
| 500 | |aTitle from cover. |
| 550 | |aIssued 1931-1933 by General Manufactures Division; 1934-1944 by General Manufactures Branch; 1945-1946 by General Manufacturing Statistics. |
| 692 | 07|2gccst|aClothing industry |
| 710 | 1 |aCanada. |bDominion Bureau of Statistics. |
| 710 | 1 |aCanada. |bDominion Bureau of Statistics. |bGeneral Manufactures Division. |
| 710 | 1 |aCanada. |bCensus of Industry. |bGeneral Manufactures Branch. |
| 710 | 1 |aCanada.|bCensus of Industry.|bGeneral Manufacturing Statistics. |
| 780 | 00|tReport on the hosiery & knit goods industry in Canada |w(CaOODSP)9.852296 |
| 785 | 00|tHosiery, knitted goods and fabric glove and mitten industries in Canada |w(CaOODSP)9.852306 |
| 785 | 00|tHosiery, knitted goods and fabric glove and mitten industries |w(CaOODSP)9.852307 |